000 00352nam a2200157Ia 4500
003 OSt
005 20240327115704.0
008 170524s9999 xx 000 0 und d
020 _a8847609003
040 _cIIMTU MEERUT
100 _aBonechi - B. E.
245 0 _aCuisine of The King
260 _bBonechi - B. E.
260 _c2003
942 _2ddc
_c02
999 _c6692
_d6692